000 00318nam a2200145Ia 4500
100 _aWinston/Patrick Henry
250 _a3
942 _cBK
654 _aartificial
245 _aArtificial intelligence
260 _bPearson Education
_aNew Delhi
_c2004
082 _a6.3
_bWIN
300 _a737
546 _aENGLISH
999 _c27640
_d27640